Zhodnocení možnosti uplatnění vyřezávání vodním paprskem diplomová práce

Saved in:
Bibliographic Details
Main Author Kalabus, Jaroslav (Dissertant)
Other Authors Špaček, Michal (Thesis advisor)
Format Book
LanguageCzech
Published 1987
Subjects
Physical Description59 l. : il. ; 30 cm + 5 příloh

Cover

LEADER 00000ntm a22000007a 4500
001 64120
003 CZ-ZlUTB
005 20240830155709.0
007 ta
008 120504s1987 xr ad f 000 0 cze d
040 |a ZLD002  |b cze 
072 7 |a 685  |x Zpracování kůže. Obuvnictví  |2 Konspekt  |9 19 
080 |a 685.34  |2 MRF 
080 |a 62:005.83  |2 MRF 
080 |a 620.2  |2 MRF 
080 |a (043)378.2  |2 MRF 
100 1 |a Kalabus, Jaroslav  |4 dis 
245 1 0 |a Zhodnocení možnosti uplatnění vyřezávání vodním paprskem  |h [rukopis] :  |b diplomová práce /  |c Jaroslav Kalabus ; [vedoucí diplomové práce Michal Špaček] 
260 |c 1987 
300 |a 59 l. :  |b il. ;  |c 30 cm +  |e 5 příloh 
500 |a Studijní obor Kožedělná technologie 
502 |a Diplomová práce (Ing.)--Vysoké učení technické v Brně, Fakulta technologická v Gottwaldově, 1987 
504 |a Obsahuje bibliografii 
650 0 7 |a obuvnický průmysl  |7 ph123618  |2 czenas 
650 0 7 |a výrobní technologie  |7 ph116703  |2 czenas 
650 0 7 |a materiálové technologie  |7 ph556157  |2 czenas 
650 0 9 |a footwear industry  |2 eczenas 
650 0 9 |a manufacturing technology  |2 eczenas 
650 0 9 |a material technologies  |2 eczenas 
653 0 |a řezání vodním paprskem 
655 7 |a diplomové práce  |7 fd132022  |2 czenas 
655 9 |a master's theses  |2 eczenas 
700 1 |a Špaček, Michal  |4 ths 
710 2 |a Vysoké učení technické v Brně.  |b Technologická fakulta v Gottwaldově  |7 kn20010709414  |4 dgg 
910 |a ZLD002 
952 |0 0  |1 0  |4 0  |6 D1987KALABUSJ  |7 0  |8 MANUS  |9 116385  |a UTBZL  |b UTBZL  |c 001  |d 2012-05-04  |h + 5 příloh  |i 53828  |l 0  |o D1987/KALABUS,J.  |p 420010028758  |r 2019-08-26 00:00:00  |v 200.00  |w 2019-08-26  |x N: povinný výtisk; | 20100831  |y 12 
992 |a BK  |c vs 
999 |c 64120  |d 64120 
993 |x NEPOSILAT  |y VSKP